000 01346nam0a2200313 4500
001 RU\NLR\BIBL_A\012622474
005 20260405222343.0
010 _a978-5-7379-0730-3
035 _a(NLR Aleph) 012622474
090 _a12642753
_c12642753
100 _a20211015d2018 |||y0rusy50 ca
101 0 _arus
102 _aRU
105 _ag|||z|||000zb
181 0 _ai
_baxxe
182 0 _an
200 1 _aН. К. Метнер: личность, взгляды, стиль
_eисполнение музыки Метнера: аналитические этюды
_fЕ. А. Васютинская
203 _aТекст
_bвизуальный
_cнепосредственный
210 _aСанкт-Петербург
_cКомпозитор
_d2018
215 _a192 с.
_cнот.
_d20
320 _aБиблиогр. в подстроч. примеч.
600 1 _aМетнер
_bН. К.
_f1880 - 1951
_gНиколай Карлович
_91606857
_3RU\NLR\AUTH\66707695
686 1 _aЩ313(2Р=Рус)53-81Метнер
700 1 _aВасютинская
_bЕ. А.
_gЕвгения Александровна
702 1 _4280
_8ukr
_7ca
_aМетнер
_bМ. К.
_f1880-1951
_gМикола Карлович
_3RU\NLR\AUTH\77100602
_983528
942 _cBOOK
980 _aNB